| 000 | 01093nam a22002777a 4500 | ||
|---|---|---|---|
| 005 | 2009051900280.0 | ||
| 008 | 081120t xxu||||| |||| 00| 0 eng d | ||
| 010 | _aENG-93599 | ||
| 020 |
_a8170493153 _c495.00 |
||
| 035 | _aEN-77132 | ||
| 037 | _bDBAD / PUB | ||
| 040 |
_adpl _bEnglish |
||
| 082 | _a320.95411 | ||
| 245 |
_aPakistan occupied Kashmir: _cedited by Virendra Gupta and Alok Bansal _bthe untold story / |
||
| 260 |
_aNew Delh _bManas Publications _c2008 |
||
| 270 |
_a4402/5A, Main Ansari Road, Daryaganj, _bNew Delhi _e110002 |
||
| 300 |
_axi, 251p. _c22cm(Hb) |
||
| 500 | _aIncludes index | ||
| 651 |
_aAzad Kashmir _xPolitics and government _y20th century. |
||
| 651 |
_aAzad Kashmir _xPolitics and government _y21st century. |
||
| 700 | _aGupta, Virendra | ||
| 700 | _aBansal, Alok | ||
| 942 |
_2ddc _cEN _mPAK _h320.95411 |
||
| 999 |
_c26576 _d26576 |
||